000 00409nam a2200157Ia 4500
008 230314s9999 xx 000 0 und d
020 _a978-93-86107-90-9
041 _aeng
082 _aOG/618.1/KON/B08478
100 _aSharma Rimple
_9179492
245 _aEssentials of Pediatric Nursing
260 _bJaypee Brothers
_aNew Delhi
_c2017
300 _a693p
906 _bGNM
999 _c142004
_d142004